Hipótesis sobe el exilio republicano de 1939
Salvato in:
| Autore principale: | |
|---|---|
| Natura: | Libro |
| Lingua: | spagnolo |
| Pubblicazione: |
Madrid
Fundación Universitaria Española
1997
|
| Serie: | Colección Archivo II República Española en el Exilio, 5
|
| Soggetti: | |
| Tags: |
Aggiungi Tag
Nessun Tag, puoi essere il primo ad aggiungerne!!
|
MARC
| LEADER | 00000nam a2200000 a 4500 | ||
|---|---|---|---|
| 001 | UCQ4137 | ||
| 003 | CL-VaPUC | ||
| 008 | 980904e19970000SP |||||||||||||||||spa|d | ||
| 082 | 0 | 4 | |a 946.082 |b CAU |2 21 |
| 100 | 0 | |a Caudet, Francisco |e author |9 418378 | |
| 245 | 1 | 0 | |a Hipótesis sobe el exilio republicano de 1939 |
| 300 | |a 541 p | ||
| 942 | |c BK | ||
| 945 | |d 19980904 00:00:00 |a aarredon | ||
| 260 | |a Madrid |b Fundación Universitaria Española |c 1997 | ||
| 650 | 0 | |a Historia |9 255047 | |
| 650 | 0 | |a Gobierno |9 255508 | |
| 650 | 0 | |a Política |9 255312 | |
| 650 | 0 | |a Exilio |9 343229 | |
| 650 | 0 | |a Emigración |9 343094 | |
| 650 | 7 | |a SOCIOLOGIA SOCIAL |2 CL-VaPUC |9 396060 | |
| 650 | 0 | |a Cultura |9 269059 | |
| 651 | 0 | |a España |9 254926 | |
| 651 | 0 | |a México |9 255269 | |
| 583 | |a last modification |c 19980904 00:00:00 |k Rodrigo Vera | ||
| 490 | 0 | |a Colección Archivo II República Española en el Exilio, 5 | |
| 999 | |c 274584 |d 274582 | ||
| 952 | |0 0 |1 0 |4 0 |6 946_082000000000000_CAU_1997 |7 0 |8 A |9 310824 |a FDOPOS |b FDOPOS |d 2019-11-20 |i 345973K |o 946.082 CAU 1997 |p 345973K |r 2025-01-22 |w 2019-11-20 |y BK |k MLH | ||